Score 0/14 Timer 01:30
2 Plays Today
Hint 4-Letter Words % Correct
A place to place your buttSEAT
95%
Try to kill an insect in midairSWAT
93%
Ugly Duckling birdSWAN
91.6%
Successfully complete an exam✡ PASS ✡
90.3%
Like 2 and 4, but not 3EVEN
90.2%
Compartment in a stove, for baking, roasting, etc.OVEN
88.5%
Steve Carell movie: ____ AlmightyEVAN
87.9%
Hint 4-Letter Words % Correct
McGregor who portrayed the young Obi-Wan KenobiEWAN
86.5%
Above in place or position✡ OVER ✡
83.3%
An annoying person, animal, or thingPEST
80.6%
Laddie's mateLASS
80.1%
Vegetable matter used as fuelPEAT
79.6%
Survive after many hardshipsLAST
76.3%
For fear thatLEST
74.6%

Today's Daily Dose

Remove Ads.
Support Sporcle.
Get the best of Sporcle when you Go Orange. This ad-free experience offers more features, more stats, and more fun while also helping to support Sporcle. Thank you for becoming a member.

You're not logged in!

Compare scores with friends on all Sporcle quizzes.
OR
Log In

Show Comments

Extras

Top Quizzes Today


Score Distribution

Your Account Isn't Verified!

In order to create a playlist on Sporcle, you need to verify the email address you used during registration. Go to your Sporcle Settings to finish the process.

Report this User

Report this user for behavior that violates our Community Guidelines.

Details: